MARC details
| 000 -LEADER |
| fixed length control field |
02061cam a2200421 i 4500 |
| 001 - CONTROL NUMBER |
| control field |
20628618 |
| 003 - CONTROL NUMBER IDENTIFIER |
| control field |
CSPC |
| 005 - DATE AND TIME OF LATEST TRANSACTION |
| control field |
20260128100827.0 |
| 008 - FIXED-LENGTH DATA ELEMENTS--GENERAL INFORMATION |
| fixed length control field |
180814t20172017ph b f000 0 eng |
| 010 ## - LIBRARY OF CONGRESS CONTROL NUMBER |
| LC control number |
2018327197 |
| 020 ## - INTERNATIONAL STANDARD BOOK NUMBER |
| International Standard Book Number |
9789711504830 |
| 035 ## - SYSTEM CONTROL NUMBER |
| System control number |
20628618 |
| 040 ## - CATALOGING SOURCE |
| Original cataloging agency |
DLC |
| Language of cataloging |
eng |
| Transcribing agency |
DLC |
| Description conventions |
rda |
| Modifying agency |
DLC |
| -- |
CSPC |
| 042 ## - AUTHENTICATION CODE |
| Authentication code |
lcode |
| -- |
pcc |
| 043 ## - GEOGRAPHIC AREA CODE |
| Geographic area code |
a-ph--- |
| 050 00 - LIBRARY OF CONGRESS CALL NUMBER |
| Classification number |
KPM600 |
| Item number |
.A958 2017 |
| 082 04 - DEWEY DECIMAL CLASSIFICATION NUMBER |
| Classification number |
362.73309599 |
| Item number |
Al793 |
| 245 00 - TITLE STATEMENT |
| Title |
Alternative family care systems : |
| Remainder of title |
Kafalah in focus / |
| Statement of responsibility, etc. |
edited by E. (Leo) D. Battad. |
| 246 30 - VARYING FORM OF TITLE |
| Title proper/short title |
Kafalah in focus |
| 264 #1 - PRODUCTION, PUBLICATION, DISTRIBUTION, MANUFACTURE, AND COPYRIGHT NOTICE |
| Place of production, publication, distribution, manufacture |
Diliman, Quezon City : |
| Name of producer, publisher, distributor, manufacturer |
U.P. Law Center, Institute of Human Rights, |
| Date of production, publication, distribution, manufacture, or copyright notice |
2017. |
| 300 ## - PHYSICAL DESCRIPTION |
| Extent |
ix, 87 pages ; |
| Dimensions |
23 cm. |
| 336 ## - CONTENT TYPE |
| Content type term |
text |
| Source |
rdacontent |
| 337 ## - MEDIA TYPE |
| Media type term |
unmediated |
| Source |
rdamedia |
| 338 ## - CARRIER TYPE |
| Carrier type term |
volume |
| Source |
rdacarrier |
| 504 ## - BIBLIOGRAPHY, ETC. NOTE |
| Bibliography, etc. note |
Includes bibliographical references (pages 86-87). |
| 505 0# - FORMATTED CONTENTS NOTE |
| Formatted contents note |
Foreword -- Glossary of terms -- Welcome remarks -- Opening remarks: roundtable discussion -- Keynote address: the child is father of the man -- Child care and placement for Filipino children -- Overview of the Philippine law on adoption -- Guardianship, kafalah, and benevolent neutrality -- Roundtable discussion highlights -- Closing remarks -- Distinction of the different family care systems. |
| 546 ## - LANGUAGE NOTE |
| Language note |
In English. |
| 650 #0 - SUBJECT ADDED ENTRY--TOPICAL TERM |
| Topical term or geographic name entry element |
Adoption |
| General subdivision |
Law and legislation |
| Geographic subdivision |
Philippines. |
| 650 #0 - SUBJECT ADDED ENTRY--TOPICAL TERM |
| Topical term or geographic name entry element |
Foster home care |
| General subdivision |
Law and legislation |
| Geographic subdivision |
Philippines. |
| 650 #0 - SUBJECT ADDED ENTRY--TOPICAL TERM |
| Topical term or geographic name entry element |
Parent and child (Law) |
| Geographic subdivision |
Philippines. |
| 650 #0 - SUBJECT ADDED ENTRY--TOPICAL TERM |
| Topical term or geographic name entry element |
Domestic relations (Islamic law) |
| Geographic subdivision |
Philippines. |
| 700 1# - ADDED ENTRY--PERSONAL NAME |
| Personal name |
Battad, E. (Leo) D., |
| Relator term |
editor. |
| 710 2# - ADDED ENTRY--CORPORATE NAME |
| Corporate name or jurisdiction name as entry element |
University of the Philippines. |
| Subordinate unit |
Institute of Human Rights, |
| Relator term |
publisher. |
| 906 ## - LOCAL DATA ELEMENT F, LDF (RLIN) |
| a |
7 |
| b |
cbc |
| c |
origode |
| d |
2 |
| e |
ncip |
| f |
20 |
| g |
y-gencatlg |
| 942 ## - ADDED ENTRY ELEMENTS (KOHA) |
| Source of classification or shelving scheme |
Dewey Decimal Classification |
| Koha item type |
Books |
| Classification part |
362.73309599 |
| Item part |
Al793 |
| Call number prefix |
FIL |
| Call number suffix |
2017 |
| Suppress in OPAC |
No |